[Event "Chigorin Mem Blitz 2015"]
[Site "St Petersburg RUS"]
[Date "2015.10.02"]
[Round "8.8"]
[White "Aleksandrov, Aleksej"]
[Black "Sandipan, Chanda"]
[Result "0-1"]
[WhiteTitle "GM"]
[BlackTitle "GM"]
[WhiteElo "2606"]
[BlackElo "2567"]
[WhiteFideId "13500139"]
[BlackFideId "5004225"]
[EventDate "2015.10.02"]

1. d4 d5 2. c4 c6 3. Nf3 Nf6 4. e3 Bf5 5. Nc3 e6 6. Nh4 Be4 7. f3 Bg6 8. Bd2
Nbd7 9. Qe2 Be7 10. Nxg6 hxg6 11. Qf2 Qc7 12. g3 g5 13. O-O-O g4 14. fxg4 Nxg4
15. Qe2 Ngf6 16. Kb1 Nb6 17. c5 Nbd7 18. h4 Qxg3 19. e4 dxe4 20. Nxe4 Nxe4 21.
Qxe4 Nf6 22. Qc2 Qg4 23. Bc3 Nd5 24. Be2 Qf4 25. Qb3 Qc7 26. h5 Bf6 27. Be1
O-O-O 28. Qa4 b5 29. cxb6 Nxb6 30. Qa3 Bxd4 31. Bg3 e5 32. Rxd4 Rxd4 33. Qc5 f6
34. Ba6+ Kb8 35. Qxd4 exd4 36. Bxc7+ Kxc7 37. Rg1 Rxh5 38. Rxg7+ Nd7 39. b4 Rh2
40. a3 f5 41. Rf7 Rf2 42. Kc1 f4 43. Kd1 Rf3 44. Be2 Rg3 45. Rxf4 Rxa3 46. Rxd4
Nb6 47. Bd3 a6 48. Be4 Nd7 49. Kc2 Ne5 50. Kb2 Re3 51. Bc2 Kb6 52. Ba4 Re2+ 53.
Kc3 Re3+ 54. Kc2 Ra3 55. Bb3 Ra1 56. Re4 Nd7 57. Kb2 Rh1 58. Re6 Rh2+ 59. Ka3
Rh3 60. Ka4 Rc3 61. Bd1 Kc7 62. Be2 Nb6+ 0-1

[Event "Chigorin Mem Blitz 2015"]
[Site "St Petersburg RUS"]
[Date "2015.10.02"]
[Round "8.9"]
[White "Amonatov, Farrukh"]
[Black "Ushenina, Anna"]
[Result "1-0"]
[WhiteTitle "GM"]
[BlackTitle "GM"]
[WhiteElo "2591"]
[BlackElo "2426"]
[WhiteFideId "14700077"]
[BlackFideId "14110911"]
[EventDate "2015.10.02"]

1. e4 c5 2. Nf3 d6 3. d4 cxd4 4. Nxd4 Nf6 5. Nc3 a6 6. Bc4 e6 7. Bb3 Be7 8. g4
h6 9. Be3 Qa5 10. f3 Nbd7 11. Qd2 Nc5 12. h4 Nxb3 13. Nxb3 Qc7 14. O-O-O Bd7 15.
g5 Nh5 16. gxh6 gxh6 17. Bxh6 O-O-O 18. Bg5 f6 19. Be3 Rdg8 20. Kb1 Kb8 21. Qf2
Ka8 22. Bb6 Qc8 23. a4 Nf4 24. Qd2 Ng6 25. Qf2 Ne5 26. Na5 Nc4 27. Nxc4 Qxc4 28.
Rd4 Qc6 29. a5 Rf8 30. Qe2 Qc8 31. f4 f5 32. h5 fxe4 33. Nxe4 d5 34. Ng5 e5 35.
Rxd5 Bc6 36. Rxe5 Bxg5 37. fxg5 Bxh1 38. g6 Bf3 39. Qh2 Qg4 40. Re1 Qxh5 41. Qd6
Qd5 42. Qxd5 Bxd5 43. g7 Rhg8 44. gxf8=Q+ Rxf8 45. b3 Bc6 46. Kb2 Re8 47. Rd1
Rg8 48. c4 Rf8 49. Ka3 Kb8 50. Re1 Kc8 51. Re7 Rd8 52. Rc7+ 1-0

[Event "Chigorin Mem Blitz 2015"]
[Site "St Petersburg RUS"]
[Date "2015.10.02"]
[Round "8.10"]
[White "Lugovskoy, Maxim"]
[Black "Novik, Maxim"]
[Result "0-1"]
[WhiteTitle "IM"]
[BlackTitle "GM"]
[WhiteElo "2470"]
[BlackElo "2484"]
[WhiteFideId "24126454"]
[BlackFideId "4102924"]
[EventDate "2015.10.02"]

1. e4 c6 2. d4 d5 3. Nc3 dxe4 4. Nxe4 Bf5 5. Ng3 Bg6 6. Nh3 Nf6 7. Nf4 e5 8.
dxe5 Qa5+ 9. c3 Qxe5+ 10. Be2 Bc5 11. O-O O-O 12. Nxg6 hxg6 13. Bc4 Nbd7 14. Qf3
Qc7 15. Bb3 Rfe8 16. Bg5 Qe5 17. Bf4 Qe7 18. Qd3 Nf8 19. h3 Rad8 20. Qc2 Ne6 21.
Rae1 Qd7 22. Be5 Qd3 23. Qxd3 Rxd3 24. Bc4 Rd7 25. b4 Bd6 26. Bxf6 gxf6 27. Ne4
Be7 28. Re2 f5 29. Bxe6 fxe6 30. Nd2 Bf6 31. Rc1 Kf7 32. Nf3 Red8 33. Rce1 Re8
34. c4 Rd3 35. b5 c5 36. a4 Rc3 37. Rd2 Rxc4 38. a5 Rb4 39. a6 bxa6 40. bxa6 Rb6
41. Rc1 Rxa6 42. Rxc5 Re7 43. g3 Ra1+ 44. Kg2 a5 45. Rc8 Ra7 46. g4 a4 47. g5
Bg7 48. Nd4 Rd7 49. Nf3 Rxd2 50. Nxd2 a3 51. Ra8 a2 52. Ra7+ Kg8 53. Nf3 e5 54.
Nh4 Kh7 55. Ra6 e4 56. Kh2 Be5+ 57. Kg2 f4 58. Ra7+ Kg8 59. Ra8+ Kf7 60. Ra7+
Ke6 61. f3 e3 62. Nxg6 Bd4 63. Nxf4+ Kf5 64. Ne2 Bxa7 65. h4 Re1 66. Ng3+ Ke6
67. g6 a1=Q 0-1

[Event "Chigorin Mem Blitz 2015"]
[Site "St Petersburg RUS"]
[Date "2015.10.02"]
[Round "8.11"]
[White "Popov, Valerij"]
[Black "Volodin, Aleksandr"]
[Result "1-0"]
[WhiteTitle "GM"]
[BlackTitle "GM"]
[WhiteElo "2525"]
[BlackElo "2491"]
[WhiteFideId "4119410"]
[BlackFideId "4501950"]
[EventDate "2015.10.02"]

1. Nf3 d5 2. c4 c6 3. e3 Nf6 4. Nc3 g6 5. d4 Bg7 6. Bd3 O-O 7. O-O Nbd7 8. cxd5
cxd5 9. Bd2 Nb6 10. Qb3 Bf5 11. Bxf5 gxf5 12. Rfc1 e6 13. Nb5 Nc4 14. Bb4 Re8
15. Na3 b5 16. Be1 a6 17. Nc2 Ne4 18. Nb4 Qb6 19. Nd3 Rab8 20. Qd1 Rec8 21. Rc2
Ncd6 22. Rac1 Rxc2 23. Qxc2 Bf8 24. Nfe5 Rc8 25. Qd1 Rxc1 26. Qxc1 Nc4 27. Qd1
Qb7 28. b3 Ncd6 29. f3 Nf6 30. Nc5 Qc8 31. Bh4 Nde8 32. Ncd3 Nd7 33. Nxd7 Qxd7
34. Qc2 Qc7 35. Qd2 f6 36. h3 Kf7 37. Be1 Bd6 38. Qe2 Qc6 39. Ba5 Ng7 40. Qd2
Nh5 41. Bb4 Bc7 42. f4 Ng3 43. Ne1 Ne4 44. Qd1 a5 45. Bc5 Nxc5 46. Qc2 e5 47.
fxe5 fxe5 48. Nd3 exd4 49. exd4 Bb6 50. Nxc5 Qf6 51. Qd3 b4 52. Kf2 h5 53. Kf3
Kg6 54. Qe3 Qc6 55. Nd3 Qc2 56. Ne5+ Kh7 57. Kg3 Qe4 58. Qg5 Qe1+ 59. Kh2 Bxd4
60. Qg6+ 1-0

[Event "Chigorin Mem Blitz 2015"]
[Site "St Petersburg RUS"]
[Date "2015.10.02"]
[Round "8.12"]
[White "Slugin, Sergey"]
[Black "Rozum, Ivan"]
[Result "0-1"]
[WhiteTitle "IM"]
[BlackTitle "GM"]
[WhiteElo "2362"]
[BlackElo "2547"]
[WhiteFideId "4122569"]
[BlackFideId "24104272"]
[EventDate "2015.10.02"]

1. Nf3 Nf6 2. c4 b6 3. g3 Bb7 4. Bg2 e6 5. O-O Be7 6. Nc3 O-O 7. d4 Ne4 8. Nxe4
Bxe4 9. Ne1 Bxg2 10. Nxg2 d5 11. Qd3 c6 12. e4 dxc4 13. Qxc4 c5 14. Be3 cxd4 15.
Bxd4 Nd7 16. Rfd1 Rc8 17. Qa4 Rc7 18. Be5 Rb7 19. Rac1 b5 20. Qc2 Qb6 21. Bd4
Qa6 22. Qc6 Qxc6 23. Rxc6 Nb8 24. Rcc1 Rd8 25. Be3 Rxd1+ 26. Rxd1 Kf8 27. Nf4
Ke8 28. Nd3 Rd7 29. Kf1 Nc6 30. Ke2 Nd4+ 31. Bxd4 Rxd4 32. f3 Bf6 33. b3 Rd7 34.
Rc1 Kd8 35. Rc5 Rb7 36. b4 Rb6 37. Rc2 Ra6 38. e5 Be7 39. Ke3 Ra4 40. Rb2 Kc7
41. f4 Kb6 42. h4 h5 43. Kd2 Ra3 44. Rc2 Kb7 45. Rb2 Bd8 46. Nc5+ Kc6 47. Nb3
Bb6 48. Kc3 a5 49. bxa5 Bxa5+ 50. Kd3 Bb6 51. Ke4 Ra4+ 52. Kd3 Rc4 53. Rd2 Kc7
54. Re2 Kb7 55. Nd2 Rd4+ 56. Kc2 Ra4 57. Kb3 Bc5 58. Ne4 Be7 59. Ng5 Ra3+ 60.
Kb2 Rxg3 61. Nxf7 Bxh4 62. Rh2 Rg4 63. f5 exf5 64. e6 g6 65. Rxh4 Rxh4 66. e7
Re4 67. Nd6+ Kc6 68. Nxe4 Kd7 69. e8=Q+ Kxe8 70. Nd6+ Kd7 71. Nxb5 h4 72. Nc3 h3
73. Ne2 g5 74. Kc2 f4 0-1

[Event "Chigorin Mem Blitz 2015"]
[Site "St Petersburg RUS"]
[Date "2015.10.02"]
[Round "9.1"]
[White "Demchenko, Anton"]
[Black "Pridorozhni, Aleksei"]
[Result "1/2-1/2"]
[WhiteTitle "GM"]
[BlackTitle "GM"]
[WhiteElo "2595"]
[BlackElo "2575"]
[WhiteFideId "4160258"]
[BlackFideId "4127870"]
[EventDate "2015.10.02"]

1. e4 e6 2. d4 d5 3. Nd2 dxe4 4. Nxe4 Bd7 5. Nf3 Bc6 6. Bd3 Nd7 7. O-O Ngf6 8.
Ng3 g6 9. c4 Bg7 10. Bf4 O-O 11. Qe2 b6 12. Rad1 Bb7 13. Rfe1 Qc8 14. Bc2 Rd8
15. h3 c5 16. dxc5 Nxc5 17. Ne5 Rxd1 18. Rxd1 Ncd7 19. Nxd7 Nxd7 20. Ne4 Bc6 21.
Nd6 Qa6 22. a3 Rf8 23. Bb1 Qa5 24. Nb5 Nf6 25. Nd4 Bb7 26. Nb5 Bc6 27. Nd4 Bb7
28. Bd2 Qh5 29. Qxh5 Nxh5 30. Be3 Rd8 31. Bc2 Nf4 32. Bxf4 Rxd4 33. Rxd4 Bxd4
34. b3 e5 35. Bd2 f5 36. Kf1 Kf7 37. f3 Ke6 38. Ke2 a5 39. b4 axb4 40. axb4 Bc6
41. Bb3 Kf6 42. h4 Ke7 43. Bg5+ Kd6 44. Bd2 Bd7 45. Be3 Bxe3 46. Kxe3 h6 47. g3
g5 48. hxg5 hxg5 49. Bc2 1/2-1/2

[Event "Chigorin Mem Blitz 2015"]
[Site "St Petersburg RUS"]
[Date "2015.10.02"]
[Round "9.2"]
[White "Sandipan, Chanda"]
[Black "Alekseev, Evgeny"]
[Result "0-1"]
[WhiteTitle "GM"]
[BlackTitle "GM"]
[WhiteElo "2567"]
[BlackElo "2642"]
[WhiteFideId "5004225"]
[BlackFideId "4138147"]
[EventDate "2015.10.02"]

1. d4 Nf6 2. c4 e6 3. Nc3 Bb4 4. e3 O-O 5. Bd2 d5 6. Nf3 b6 7. Rc1 a6 8. Bd3 Bb7
9. O-O Bd6 10. cxd5 exd5 11. Ne5 c5 12. f4 Nc6 13. Ne2 Ne7 14. Ng3 Rc8 15. Qe2
b5 16. Nf5 c4 17. Bb1 b4 18. Nxd6 Qxd6 19. b3 c3 20. Be1 a5 21. Bd3 Ne4 22. a4
f6 23. Nf3 Rc6 24. g4 Ba6 25. Bg3 Bxd3 26. Qxd3 Qd7 27. f5 h5 28. Nh4 hxg4 29.
Qe2 Rf7 30. Rc2 Kf8 31. Qxg4 g5 32. Ng2 Rg7 33. Be1 Qe8 34. Rf3 Rh7 35. h4 Qh5
36. Qxh5 Rxh5 37. Kh2 Kf7 38. Kh3 Rc8 39. Rc1 Rg8 40. Kh2 gxh4 41. Bxh4 Nxf5 42.
Kh3 Rxg2 43. Rxf5 Rxf5 44. Kxg2 Ke6 45. Rc2 Rh5 46. Kh3 Nd2 0-1

[Event "Chigorin Mem Blitz 2015"]
[Site "St Petersburg RUS"]
[Date "2015.10.02"]
[Round "9.3"]
[White "Lintchevski, Daniil"]
[Black "Eliseev, Urii"]
[Result "1-0"]
[WhiteTitle "GM"]
[BlackTitle "GM"]
[WhiteElo "2562"]
[BlackElo "2536"]
[WhiteFideId "4171055"]
[BlackFideId "24131920"]
[EventDate "2015.10.02"]

1. e4 c5 2. Nf3 d6 3. d4 Nf6 4. Nc3 cxd4 5. Nxd4 Nc6 6. Be2 g6 7. Be3 Bg7 8. Qd2
O-O 9. O-O-O Ng4 10. Bxg4 Bxg4 11. f3 Bd7 12. Kb1 Rc8 13. Nxc6 Rxc6 14. Bd4 Bxd4
15. Qxd4 a6 16. Nd5 Be6 17. c4 Bxd5 18. cxd5 Rc5 19. Rc1 Qb6 20. Rxc5 dxc5 21.
Qc3 Qd6 22. g3 b5 23. Rd1 f6 24. f4 e5 25. Rf1 exf4 26. Rxf4 f5 27. Qf3 Re8 28.
a3 c4 29. exf5 Re1+ 30. Ka2 Re5 31. fxg6 hxg6 32. Rf6 Qe7 33. Rxg6+ Kh7 34. Rxa6
b4 35. axb4 Re2 1-0

[Event "Chigorin Mem Blitz 2015"]
[Site "St Petersburg RUS"]
[Date "2015.10.02"]
[Round "9.4"]
[White "Timofeev, Artyom"]
[Black "Goganov, Aleksey"]
[Result "1-0"]
[WhiteTitle "GM"]
[BlackTitle "GM"]
[WhiteElo "2539"]
[BlackElo "2603"]
[WhiteFideId "4140419"]
[BlackFideId "24109959"]
[EventDate "2015.10.02"]

1. c4 Nf6 2. Nc3 e5 3. Nf3 Nc6 4. d3 g6 5. g3 Bg7 6. Bg2 O-O 7. O-O d6 8. Rb1
Nd4 9. Nd2 c6 10. b4 Bg4 11. h3 Bd7 12. a4 Qc8 13. Kh2 Qc7 14. b5 Rae8 15. Ba3
h5 16. bxc6 bxc6 17. Nde4 Nxe4 18. Nxe4 c5 19. Rb7 Qxb7 20. Nf6+ Bxf6 21. Bxb7
Rb8 22. Bd5 Rb3 23. Bxc5 dxc5 24. e3 Bxa4 25. exd4 exd4 26. Qf3 Kg7 27. Ra1 Rb4
28. Kg2 a5 29. g4 hxg4 30. hxg4 Bc2 31. Rxa5 Rb3 32. Ra6 Be7 33. Be4 Rb1 34. Ra7
Bf6 35. Bd5 Bd1 36. Qf4 g5 37. Qf5 Be2 38. Ra6 Bf1+ 39. Kg3 Bd8 40. Qe5+ Kh7 41.
Be4+ 1-0

[Event "Chigorin Mem Blitz 2015"]
[Site "St Petersburg RUS"]
[Date "2015.10.02"]
[Round "9.5"]
[White "Iljin, Timofey"]
[Black "Belous, Vladimir"]
[Result "1-0"]
[WhiteTitle "IM"]
[BlackTitle "GM"]
[WhiteElo "2266"]
[BlackElo "2566"]
[WhiteFideId "14110180"]
[BlackFideId "4174003"]
[EventDate "2015.10.02"]

1. d4 Nf6 2. c4 g6 3. Nc3 d5 4. cxd5 Nxd5 5. e4 Nxc3 6. bxc3 Bg7 7. Nf3 c5 8.
Be3 O-O 9. Rc1 b6 10. Qd2 Nd7 11. Bd3 Bb7 12. O-O e6 13. Bh6 Qc7 14. h4 e5 15.
h5 Rfe8 16. Bxg7 Kxg7 17. Rfe1 Qd6 18. h6+ Kg8 19. d5 Nf6 20. Bb5 Re7 21. c4 Nh5
22. g3 Bc8 23. Kg2 Rb8 24. Rh1 Nf6 25. Ng5 a6 26. Bc6 Bd7 27. Bxd7 Qxd7 28. Rb1
Ree8 29. Rb3 Qd6 30. Rhb1 Nd7 31. Qe3 Qf8 32. Nf3 f6 33. a4 g5 34. Rh1 Qf7 35.
Nh2 Kf8 36. Ng4 Ke7 37. Qf3 Qg6 38. Ne3 Kd6 39. Nf5+ Kc7 40. Rhb1 a5 41. d6+ Kb7
42. Qd3 Qf7 43. Ne3 Ka7 44. Nd5 Qf8 45. Nc7 Rec8 46. Qd5 Rb7 47. Qc6 Nb8 48.
Rxb6 Rcxc7 49. Rxb7+ 1-0

[Event "Chigorin Mem Blitz 2015"]
[Site "St Petersburg RUS"]
[Date "2015.10.02"]
[Round "9.6"]
[White "Stupak, Kirill"]
[Black "Amonatov, Farrukh"]
[Result "0-1"]
[WhiteTitle "GM"]
[BlackTitle "GM"]
[WhiteElo "2531"]
[BlackElo "2591"]
[WhiteFideId "13503758"]
[BlackFideId "14700077"]
[EventDate "2015.10.02"]

1. d4 Nf6 2. g3 g6 3. Bg2 Bg7 4. e4 d6 5. Nc3 O-O 6. Nge2 c5 7. dxc5 dxc5 8.
Qxd8 Rxd8 9. Be3 Na6 10. h3 e5 11. g4 b6 12. g5 Ne8 13. Nd5 Nb4 14. O-O-O Nxd5
15. exd5 Nd6 16. Nc3 Bf5 17. h4 Rac8 18. Bh3 b5 19. Bxf5 gxf5 20. b3 f4 21. Bd2
b4 22. Na4 Ne4 23. Be1 Nd6 24. c4 bxc3 25. Bxc3 c4 26. b4 Nb5 27. Rhe1 Nd4 28.
Bxd4 exd4 29. Re7 d3 30. Rxa7 Bd4 31. Ra6 Bxf2 32. Rc6 Be3+ 33. Kb2 Bd4+ 34. Kb1
f3 35. Rxc8 Rxc8 36. Nb2 Bxb2 37. Kxb2 c3+ 38. Kc1 f2 39. d6 Rd8 40. Rf1 Rxd6
41. Kd1 d2 0-1

[Event "Chigorin Mem Blitz 2015"]
[Site "St Petersburg RUS"]
[Date "2015.10.02"]
[Round "9.7"]
[White "Maletin, Pavel"]
[Black "Matsenko, Sergei"]
[Result "0-1"]
[WhiteTitle "GM"]
[BlackTitle "IM"]
[WhiteElo "2581"]
[BlackElo "2531"]
[WhiteFideId "4146786"]
[BlackFideId "4170083"]
[EventDate "2015.10.02"]

1. d4 Nf6 2. c4 e6 3. g3 d5 4. Nf3 a6 5. Bg2 dxc4 6. O-O Nc6 7. e3 Rb8 8. Qe2 b5
9. b3 cxb3 10. axb3 Be7 11. Bb2 O-O 12. Rc1 Bb7 13. Ne1 Nb4 14. Bxb7 Rxb7 15.
Na3 Qd5 16. Nac2 Qxb3 17. Nxb4 Bxb4 18. d5 Bxe1 19. Bxf6 gxf6 20. Qg4+ Kh8 21.
Rxe1 Qxd5 22. Rxa6 b4 23. Qh4 Qg5 24. Qe4 Rfb8 25. Ra8 Qd5 26. Rxb8+ Rxb8 27.
Qc2 c5 28. Rd1 b3 29. Qb1 Qe5 30. Rc1 b2 31. Rc4 f5 32. h4 Qd5 33. Rc2 Qe4 0-1

[Event "Chigorin Mem Blitz 2015"]
[Site "St Petersburg RUS"]
[Date "2015.10.02"]
[Round "9.8"]
[White "Iljiushenok, Ilia"]
[Black "Popov, Valerij"]
[Result "1/2-1/2"]
[WhiteTitle "IM"]
[BlackTitle "GM"]
[WhiteElo "2491"]
[BlackElo "2525"]
[WhiteFideId "24105074"]
[BlackFideId "4119410"]
[EventDate "2015.10.02"]

1. d4 d5 2. c4 c6 3. Nc3 Nf6 4. e3 a6 5. Nf3 Bf5 6. Be2 h6 7. O-O e6 8. Bd2 Nbd7
9. Rc1 Bd6 10. a3 O-O 11. b4 b5 12. cxd5 cxd5 13. a4 Bxb4 14. axb5 axb5 15. Nxb5
Bxd2 16. Nxd2 Ne4 17. Nxe4 Bxe4 18. Rc6 Qg5 19. g3 Nf6 20. Qb3 Rfb8 21. Rfc1 Bf5
22. Qd1 Bg4 23. Nd6 Bxe2 24. Qxe2 Ne4 25. Qf3 Nxd6 1/2-1/2

[Event "Chigorin Mem Blitz 2015"]
[Site "St Petersburg RUS"]
[Date "2015.10.02"]
[Round "9.9"]
[White "Rozum, Ivan"]
[Black "Gogin, Maksim"]
[Result "1-0"]
[WhiteTitle "GM"]
[WhiteElo "2547"]
[BlackElo "2220"]
[WhiteFideId "24104272"]
[BlackFideId "24195871"]
[EventDate "2015.10.02"]

1. Nf3 Nf6 2. g3 d6 3. d4 g6 4. Bg2 Bg7 5. O-O O-O 6. b3 e5 7. dxe5 Ng4 8. Bb2
Nc6 9. c4 Ngxe5 10. Nxe5 dxe5 11. Nc3 Be6 12. Qxd8 Rfxd8 13. Nd5 Rd7 14. Rfd1
Rad8 15. Bc3 f6 16. Rd2 Kf7 17. Rad1 Re8 18. Ne3 Rxd2 19. Rxd2 Bh6 20. Rd3 Bxe3
21. fxe3 Rd8 22. Kf2 Bf5 23. Bd5+ Ke7 24. Rd2 Be6 25. e4 Rd7 26. Ke3 Nd8 27.
Bb4+ Ke8 28. Bc5 b6 29. Bb4 c6 30. Bxe6 Nxe6 31. Bc3 c5 32. Rd5 Nc7 33. Rd3
Rxd3+ 34. Kxd3 Kd7 35. e3 Ne6 36. h4 h5 37. Be1 Kc6 38. a4 a5 39. Ke2 g5 40. g4
hxg4 41. h5 Kd6 42. Kf2 Ke7 43. Kg3 Kf7 44. Kxg4 Ng7 45. h6 Ne8 46. h7 Kg7 47.
Kf5 Nd6+ 48. Ke6 Nxe4 49. Kd5 f5 50. Kxe5 Kxh7 51. Kxf5 Nd6+ 52. Kxg5 Kg7 53.
Kf4 Kf6 54. e4 Ke6 55. Bg3 Nf7 56. Ke3 Ng5 57. Bc7 Kd7 58. Bxb6 Kc6 59. Bxa5 Ne6
60. Bc3 Nc7 61. Kf4 1-0

[Event "Chigorin Mem Blitz 2015"]
[Site "St Petersburg RUS"]
[Date "2015.10.02"]
[Round "9.10"]
[White "Novik, Maxim"]
[Black "Chigaev, Maksim"]
[Result "1-0"]
[WhiteTitle "GM"]
[BlackTitle "IM"]
[WhiteElo "2484"]
[BlackElo "2521"]
[WhiteFideId "4102924"]
[BlackFideId "4108116"]
[EventDate "2015.10.02"]

1. Nf3 g6 2. e4 Bg7 3. d4 d6 4. h3 Nf6 5. Bd3 O-O 6. O-O Nc6 7. c3 e5 8. Re1 a6
9. Na3 Re8 10. Nc2 b5 11. d5 Ne7 12. a4 Bd7 13. axb5 axb5 14. Rxa8 Qxa8 15. Nb4
Qb7 16. Bg5 h6 17. Bxf6 Bxf6 18. Qd2 g5 19. Nh2 Ng6 20. Ng4 Bg7 21. Ne3 Qb6 22.
Kh2 Ne7 23. Be2 f5 24. exf5 Bxf5 25. Nxf5 Nxf5 26. Bg4 Ne7 27. Qe3 Qxe3 28. Rxe3
Rf8 29. Kg1 Ra8 30. Be6+ Kh8 31. Rf3 e4 32. Rf7 Ng6 33. Bf5 Ne5 34. Rxc7 Nc4 35.
Bxe4 Ra1+ 36. Kh2 Be5+ 37. g3 Re1 38. Bd3 Nd2 39. Kg2 h5 40. Rh7+ Kg8 41. Rxh5
Bf6 42. Bxb5 Rb1 43. Rh6 Kg7 44. Rg6+ Kf7 45. Rh6 Rxb2 46. Bd3 Nb3 47. Nc6 Nc5
48. Bf5 Bxc3 49. Rh7+ Kf8 50. Nd8 Be1 51. Ne6+ Kg8 52. Rg7+ Kh8 53. Rf7 Rxf2+
54. Kg1 Nb3 55. Rf8# 1-0

[Event "Chigorin Mem Blitz 2015"]
[Site "St Petersburg RUS"]
[Date "2015.10.02"]
[Round "9.11"]
[White "Arslanov, Shamil"]
[Black "Nechaev, Oleg"]
[Result "1-0"]
[WhiteTitle "IM"]
[WhiteElo "2416"]
[BlackElo "2330"]
[WhiteFideId "4192826"]
[BlackFideId "24113409"]
[EventDate "2015.10.02"]

1. Nf3 c5 2. e3 g6 3. d4 Bg7 4. c3 b6 5. Bd3 Bb7 6. O-O Nf6 7. Nbd2 O-O 8. a3 d6
9. b4 Nbd7 10. Bb2 Qc7 11. Qe2 a5 12. e4 Nh5 13. g3 e5 14. dxe5 Nxe5 15. Nxe5
dxe5 16. Nc4 axb4 17. axb4 Rxa1 18. Rxa1 Ra8 19. Rxa8+ Bxa8 20. bxc5 bxc5 21.
Ba3 Qc6 22. Qb2 Bf8 23. Qb8 f6 24. Nb6 Bb7 25. Bc4+ Kg7 26. Qa7 Kh6 27. Bd5 Qb5
28. Qxb7 Qb1+ 29. Kg2 Qd1 30. Qd7 f5 31. h3 Nf4+ 32. gxf4 exf4 33. exf5 f3+ 34.
Bxf3 1-0

[Event "Chigorin Mem Blitz 2015"]
[Site "St Petersburg RUS"]
[Date "2015.10.02"]
[Round "9.12"]
[White "Shemeakin, Alexander"]
[Black "Bodnaruk, Anastasia"]
[Result "0-1"]
[WhiteTitle "IM"]
[BlackTitle "IM"]
[WhiteElo "2275"]
[BlackElo "2459"]
[WhiteFideId "14101840"]
[BlackFideId "4181751"]
[EventDate "2015.10.02"]

1. d4 Nf6 2. c4 g6 3. Nc3 Bg7 4. e4 d6 5. Nge2 O-O 6. Ng3 e5 7. d5 a5 8. Be2 Na6
9. O-O h5 10. Bg5 Qe8 11. Qd2 Nh7 12. Be3 h4 13. Nh1 f5 14. exf5 Bxf5 15. f3 Nc5
16. Nf2 b6 17. Nfe4 Nf6 18. Nxc5 bxc5 19. Bg5 e4 20. Rae1 Nh7 21. fxe4 Bxc3 22.
bxc3 Qxe4 23. Bh6 Rfe8 24. h3 Rab8 25. Bf3 Qxc4 26. Qf2 Qxc3 27. Bg4 Qd4 28. Be3
Qxd5 29. Qxh4 Bd3 30. Rf3 Rb2 31. Bc1 Rxe1+ 32. Qxe1 Re2 33. Qd1 c4 34. Rxd3
Qxg2# 0-1

[Event "Chigorin Mem Blitz 2015"]
[Site "St Petersburg RUS"]
[Date "2015.10.02"]
[Round "10.1"]
[White "Lintchevski, Daniil"]
[Black "Demchenko, Anton"]
[Result "1-0"]
[WhiteTitle "GM"]
[BlackTitle "GM"]
[WhiteElo "2562"]
[BlackElo "2595"]
[WhiteFideId "4171055"]
[BlackFideId "4160258"]
[EventDate "2015.10.02"]

1. e4 e5 2. Nf3 Nc6 3. Nc3 Nf6 4. a3 g6 5. Bc4 Bg7 6. d3 d6 7. h3 O-O 8. Bg5 h6
9. Be3 Ne7 10. Qd2 Kh7 11. O-O-O c6 12. d4 Qc7 13. dxe5 dxe5 14. Qd6 Qxd6 15.
Rxd6 Nd7 16. Rhd1 Nb6 17. Bb3 g5 18. a4 g4 19. Ng1 gxh3 20. gxh3 Be6 21. Bxe6
fxe6 22. Rxe6 Ng6 23. b3 Rf7 24. Red6 Bf8 25. R6d3 Re8 26. a5 Nc8 27. Rd7 Kg8
28. Rxf7 Kxf7 29. Kb2 Bb4 30. a6 b6 31. Bxh6 Nd6 32. f3 Rd8 33. Rd3 Bxc3+ 34.
Rxc3 c5 35. Rd3 Ke6 36. Be3 c4 37. Rd2 Rc8 38. Rd1 Nh4 39. Bg5 Ng6 40. Ne2 Rf8
41. Ng1 Rc8 42. h4 Rh8 43. Ne2 Nxh4 44. Rh1 Ng2 1-0

[Event "Chigorin Mem Blitz 2015"]
[Site "St Petersburg RUS"]
[Date "2015.10.02"]
[Round "10.2"]
[White "Alekseev, Evgeny"]
[Black "Iljin, Timofey"]
[Result "1-0"]
[WhiteTitle "GM"]
[BlackTitle "IM"]
[WhiteElo "2642"]
[BlackElo "2266"]
[WhiteFideId "4138147"]
[BlackFideId "14110180"]
[EventDate "2015.10.02"]

1. e4 d5 2. exd5 Nf6 3. d4 Bg4 4. Nf3 Qxd5 5. Be2 Nc6 6. c4 Qh5 7. d5 O-O-O 8.
Nbd2 Ne5 9. Qa4 Kb8 10. Nxe5 Bxe2 11. Ndf3 Bxf3 12. Nxf3 e6 13. Be3 a6 14. dxe6
fxe6 15. O-O Bc5 16. Rae1 Rhe8 17. Bf4 Bd6 18. Bxd6 Rxd6 19. Re5 Qf7 20. Rfe1
Qd7 21. Qc2 Qc6 22. h3 h6 23. b3 Nd7 24. R5e3 e5 25. Nxe5 Nxe5 26. Rxe5 Rxe5 27.
Rxe5 Qd7 28. Qe4 Rd1+ 29. Kh2 Ka7 30. Qe3+ b6 31. Re7 Qd6+ 32. f4 g5 33. Qe5
gxf4 34. Rxc7+ Kb8 35. Qxd6 Rxd6 36. Rf7 Rd4 37. Rf6 Kc7 38. Rxh6 Rd2 39. Rf6
Rxa2 40. Rxf4 a5 41. h4 Kd6 42. h5 Ke5 43. Rf3 Rd2 44. h6 Rd6 45. h7 1-0

[Event "Chigorin Mem Blitz 2015"]
[Site "St Petersburg RUS"]
[Date "2015.10.02"]
[Round "10.3"]
[White "Pridorozhni, Aleksei"]
[Black "Timofeev, Artyom"]
[Result "1-0"]
[WhiteTitle "GM"]
[BlackTitle "GM"]
[WhiteElo "2575"]
[BlackElo "2539"]
[WhiteFideId "4127870"]
[BlackFideId "4140419"]
[EventDate "2015.10.02"]

1. e4 c5 2. Nc3 Nc6 3. Bb5 d6 4. Bxc6+ bxc6 5. d3 Nf6 6. f4 g6 7. Nf3 Bg4 8. O-O
Bg7 9. Qe1 O-O 10. Nd2 Bc8 11. Nf3 Bg4 12. Nd2 Bc8 13. h3 Nd7 14. Nf3 e5 15. Kh1
f5 16. fxe5 Nxe5 17. Nxe5 Bxe5 18. Bf4 Bxf4 19. Rxf4 Bd7 20. Qg3 Qe7 21. Raf1
Kh8 22. exf5 Rxf5 23. Ne4 d5 24. Rxf5 Bxf5 25. Nd6 Rf8 26. Re1 Qf6 27. Ne8 Qxb2
28. Qd6 Kg8 29. Qxc5 Bd7 30. Nd6 Qb6 31. Qc3 Qf2 32. Qe5 Qf6 33. Nb7 Qxe5 34.
Rxe5 Rf2 35. Nc5 Bf5 36. c4 dxc4 37. dxc4 Rxa2 38. g4 Bc2 39. Re7 a5 40. Ne6
Be4+ 41. Kg1 Bd3 42. Rg7+ Kh8 43. Rd7 h5 44. Rxd3 hxg4 45. hxg4 a4 46. Rd8+ Kh7
47. Rd7+ Kg8 48. Ra7 a3 49. Nd4 Rc2 50. Nxc2 1-0

[Event "Chigorin Mem Blitz 2015"]
[Site "St Petersburg RUS"]
[Date "2015.10.02"]
[Round "10.4"]
[White "Amonatov, Farrukh"]
[Black "Novik, Maxim"]
[Result "1/2-1/2"]
[WhiteTitle "GM"]
[BlackTitle "GM"]
[WhiteElo "2591"]
[BlackElo "2484"]
[WhiteFideId "14700077"]
[BlackFideId "4102924"]
[EventDate "2015.10.02"]

1. e4 c6 2. d4 d5 3. e5 Bf5 4. h4 h6 5. g4 Bd7 6. h5 c5 7. c3 Nc6 8. Na3 Qb6 9.
Nc2 e6 10. f4 cxd4 11. cxd4 Nb4 12. Nxb4 Bxb4+ 13. Kf2 Bb5 14. Nf3 Bxf1 15. Rxf1
Rc8 16. Be3 Qb5 17. Qb3 a6 18. Rfc1 Ne7 19. Bd2 Bxd2 20. Qxb5+ axb5 21. Rxc8+
Nxc8 22. Nxd2 Kd7 23. Rc1 b6 24. Nb1 Na7 25. Ke3 b4 26. Nd2 Nc6 27. b3 Ra8 28.
Rc2 Na7 29. Kd3 Nb5 30. Nb1 f6 31. exf6 gxf6 32. Rg2 Rc8 33. g5 fxg5 34. fxg5
hxg5 35. Rxg5 Rc1 36. Nd2 Rc3+ 37. Ke2 Nxd4+ 38. Kf2 Rc2 39. Ke1 Kd6 40. Rg4 Nf5
41. Rxb4 Kc5 42. Ra4 e5 43. Ra8 Kd4 44. Ra4+ Ke3 45. Nf1+ Kf3 46. Kd1 Rf2 47.
Nd2+ Ke3 48. Nb1 Nd4 49. Kc1 Rc2+ 50. Kd1 Rh2 51. Kc1 Rxh5 52. Nc3 e4 53. Nd1+
Kd3 54. Nb2+ Kc3 55. Nd1+ Kd3 56. Nb2+ Ke3 57. Nd1+ Kd3 58. Nb2+ Ke3 59. Nd1+
Kd3 60. Nb2+ Kc3 61. Nd1+ Kd3 62. Nb2+ Kc3 63. Nd1+ Kd3 1/2-1/2